000
00260pam a2200121 a 4500
020
_c
041
_h
082
_a
750
_b
GUJ
245
_a
Satish Gujral
_h
Textual Documents
260
_a
[s.l]:
_b
Usha Bharia ,
_c
2000.
300
_a
172:
_b
Hard.
930
_a
5909
999
_c
239699
_d
239699